000 01094nam a2200277Ia 4500
003 OSt
005 20220923211536.0
006 a|||||r|||| 00| 0
007 ta
008 220922b |||||||| |||| 00| 0 hin d
020 _a9789382821335 (hbk)
_c550
024 _a324,635
037 _b384, 10/03/2018, Eastern Book Linkers
_cTextual
040 _aARTS
_cARTS
_bhin
041 _2hin
_ahin
082 _aO152,6N12:g(W94), Q3
100 _aशंभुनाथ, ले.
245 0 _aराष्ट्रीय पुनर्जागरण का प्रश्न और रामविलास शर्मा
246 _aRāṣhṭrīya punarjāgaraṇ kā prashna aur rāmavilās sharmā
260 _aदिल्ली
_b नयी किताब
_c2013
300 _a304पृ.
_ccm.
650 _a हिन्दी साहित्य
_9156264
650 _aहिन्दी निबंध
942 _hO152,6N12:g(W94), Q3
_cTEXL
_2CC
999 _c300614
_d300614